000 00596nam a2200205Ia 4500
003 IN-BaIIA
008 211028s9999 xx 000 0 eng d
040 _cIIA Library
080 _a551.510.5
_bRIS
100 _aRishbeth, Henry
_97722
245 0 _aIntroduction to ionospheric physics
_cHenry Rishbeth and Owen K. Garriott
260 _aNew York
_bAcademic Press
_c1969
300 _ax, 331p.
490 _aInternational geophysics series; v. 14
650 _aIonosphere
650 _aIonospheric physics
_97723
650 _aPhysics
_973
700 _aGarriott, Owen K.
_97724
942 _cBK
999 _c4422
_d4422